| 000 | 00421nam a22001337a 4500 | ||
|---|---|---|---|
| 999 |
_c5012 _d235516 |
||
| 020 | _a9561905485 | ||
| 080 | _a340.6 Et 41 | ||
| 245 | _aËtica e Innovación Tecnológica | ||
| 260 |
_aChile _bCIEB: centro interdisciplinario de Estudios en Bioética _c2006 |
||
| 300 | _a252 P. | ||
| 650 |
_xetica _xglobalizacion _xtecnologia _xinnovacion tecnologica _xbiotecnologia _xgenes humanos |
||
| 945 |
_acd _d2019-08-08 |
||
| 942 | _6_ | ||